| 000 | 01101nam a2200277 i 4500 | ||
|---|---|---|---|
| 001 | 9837 | ||
| 003 | ES-MaACL | ||
| 005 | 20240301062530.0 | ||
| 008 | 940131s1993 sp af |||| |dspa d | ||
| 020 | _a84-7895-020-6 | ||
| 080 | _a090.11(460)(091) | ||
| 080 | _a094(064.3) | ||
| 100 | 1 |
_aSánchez Mariana, Manuel. _9102752 |
|
| 245 | 1 | 0 |
_aBibliófilos españoles _b: desde sus orígenes hasta los albores del siglo XX / _cManuel Sánchez Mariana. |
| 260 |
_a[Madrid] : _bBiblioteca Nacional : _bOllero & Ramos, _cD.L. 1993. |
||
| 300 |
_a285 p., [10] p. pleg. de lám. : _bil. col. ; _c24 cm. |
||
| 500 | _aBibliografía. | ||
| 500 | _aÍndice. | ||
| 594 | _aEn port.: "Este catálogo se publica con motivo de la celebración del XVIII Congreso de la Asociación Internacional de Bibliofilia, en Madrid, septiembre de 1993" | ||
| 650 | 1 | 4 |
_aBibliofilia- _zEspaña- _xHistoria. _910515 |
| 650 | 1 | 4 |
_aBibliófilos- _zEspaña. _9141227 |
| 650 | 0 | 4 |
_aLibros raros- _vExposiciones. _914454 |
| 710 | 2 |
_aBiblioteca Nacional (España) _92188 |
|
| 852 |
_aES-MaACL _jL-17298 |
||
| 999 |
_c9837 _d9837 |
||